[Event "POL-chT IV GrB"]
[Site "Konin"]
[Date "2011.03.27"]
[Round "9"]
[White "Mierzejewski, Mariusz"]
[Black "Wiesiolek, Krzysztof"]
[Result "1/2-1/2"]
[WhiteElo "1914"]
[BlackElo "2013"]
[PlyCount "30"]
[EventDate "2011.01.23"]
[EventType "team-tourn"]
[EventRounds "9"]
[EventCountry "POL"]
[SourceTitle "EXT 2019"]
[Source "ChessBase"]
[SourceDate "2018.10.10"]
[SourceVersion "1"]
[SourceVersionDate "2018.10.10"]
[SourceQuality "1"]
[WhiteTeam "Witkowo Jurand"]
[BlackTeam "Turek Tecza"]
[WhiteTeamCountry "POL"]
[BlackTeamCountry "POL"]

1. d4 c6 2. c4 d5 3. Nc3 Nf6 4. Nf3 Bf5 5. Qb3 b6 6. cxd5 Nxd5 7. Bd2 Nxc3 8. Bxc3 Qd5 9. Qxd5 cxd5 10. e3 f6 11. Nh4 Bd7 12. Rc1 e6 13. Bd3 Bd6 14. f4 Nc6 15. 0-0 0-0 1/2-1/2

[Event "POL-chT IV GrB"]
[Site "Konin"]
[Date "2011.02.27"]
[Round "8"]
[White "Wiesiolek, Krzysztof"]
[Black "Snihur, Piotr"]
[Result "0-1"]
[WhiteElo "2013"]
[BlackElo "1786"]
[PlyCount "78"]
[EventDate "2011.01.23"]
[EventType "team-tourn"]
[EventRounds "9"]
[EventCountry "POL"]
[SourceTitle "EXT 2019"]
[Source "ChessBase"]
[SourceDate "2018.10.10"]
[SourceVersion "1"]
[SourceVersionDate "2018.10.10"]
[SourceQuality "1"]
[WhiteTeam "Turek Tecza"]
[BlackTeam "Konin UKS Smecz"]
[WhiteTeamCountry "POL"]
[BlackTeamCountry "POL"]

1. b3 e5 2. Bb2 Nc6 3. e3 d6 4. Nf3 Nf6 5. Bb5 Bg4 6. h3 Bh5 7. g4 Bg6 8. d4 exd4 9. Nxd4 Qd7 10. Nc3 a6 11. Bxc6 bxc6 12. Qf3 d5 13. 0-0-0 h5 14. Rhg1 0-0-0 15. Qe2 Kb7 16. f4 hxg4 17. hxg4 Rh3 18. f5 Re8 19. fxg6 Rexe3 20. Qd2 Rxc3 21. Bxc3 Ne4 22. Qf4 Nxc3 23. Rd3 Rxd3 24. cxd3 c5 25. Qxf7 Be7 26. Re1 Bg5+ 27. Kb2 Qxg4 28. Kxc3 Qxd4+ 29. Kc2 Bf6 30. Kd2 Qc3+ 31. Ke2 Qc2+ 32. Kf3 Qxd3+ 33. Re3 Qf1+ 34. Kg4 Qg2+ 35. Rg3 Qe4+ 36. Kh3 Qh1+ 37. Kg4 Qh4+ 38. Kf3 Qe4+ 39. Kf2 Bh4 0-1

[Event "POL-chT 2nd League"]
[Site "Polanica Zdroj"]
[Date "2004.09.11"]
[Round "10.95"]
[White "Wiesiolek, Krzysztof"]
[Black "Wozniak, Marcin"]
[Result "1/2-1/2"]
[WhiteElo "2000"]
[BlackElo "1800"]
[PlyCount "62"]
[EventDate "2004.09.04"]
[EventType "team-swiss"]
[EventRounds "11"]
[EventCountry "POL"]
[SourceTitle "EXT 2019"]
[Source "ChessBase"]
[SourceDate "2018.10.10"]
[SourceVersion "1"]
[SourceVersionDate "2018.10.10"]
[SourceQuality "1"]
[WhiteTeam "Turek Tecza"]
[BlackTeam "Rzeszow Zelmer II"]
[WhiteTeamCountry "POL"]
[BlackTeamCountry "POL"]

1. e4 e5 2. Nf3 Nc6 3. Bb5 a6 4. Ba4 Nf6 5. 0-0 b5 6. Bb3 Be7 7. Re1 0-0 8. a4 Bb7 9. Nc3 b4 10. Nd5 d6 11. c3 bxc3 12. bxc3 Na5 13. Nxe7+ Qxe7 14. Bc2 c5 15. d3 Nc6 16. Bg5 Nd8 17. Rb1 Bc8 18. Nd2 Ne6 19. Be3 h6 20. Nc4 Nd7 21. Bd2 Nf4 22. Qf3 Qf6 23. g3 Nh3+ 24. Kg2 Qxf3+ 25. Kxf3 f5 26. Kg2 fxe4 27. Rf1 exd3 28. Bxd3 d5 29. Kxh3 Nb6+ 30. Kg2 Nxc4 31. Bxc4 dxc4 1/2-1/2

[Event "POL-chT 2nd League"]
[Site "Polanica Zdroj"]
[Date "2004.09.09"]
[Round "7"]
[White "Mackow, Pawel"]
[Black "Wiesiolek, Krzysztof"]
[Result "1/2-1/2"]
[WhiteElo "2033"]
[BlackElo "2000"]
[PlyCount "62"]
[EventDate "2004.09.04"]
[EventType "team-swiss"]
[EventRounds "11"]
[EventCountry "POL"]
[SourceTitle "CBM 102 Extra"]
[Source "ChessBase"]
[SourceDate "2004.11.03"]
[SourceVersion "1"]
[SourceVersionDate "2004.11.03"]
[SourceQuality "1"]
[WhiteTeam "Lubsko Caissa"]
[BlackTeam "Turek Tecza"]
[WhiteTeamCountry "POL"]
[BlackTeamCountry "POL"]

1. c4 Nf6 2. Nc3 e5 3. g3 d5 4. cxd5 Nxd5 5. Bg2 Be6 6. Nf3 Nc6 7. 0-0 Be7 8. d3 f6 9. a3 Qd7 10. Nxd5 Bxd5 11. Be3 0-0 12. Rc1 Rad8 13. Re1 Rfe8 14. Qa4 Qe6 15. Nd2 a6 16. Bxd5 Qxd5 17. Qc4 Rd7 18. Kf1 Red8 19. Rc2 Kf8 20. Qxd5 Rxd5 21. Rec1 Rb5 22. Ne4 Kf7 23. b4 Rbd5 24. Nc5 Bxc5 25. Rxc5 Rxc5 26. Rxc5 Rd7 27. Rc4 Ke6 28. Kg2 Ne7 29. Kf3 c6 30. Bc5 Nf5 31. Ke4 Nd6+ 1/2-1/2

[Event "POL-chT 2nd League"]
[Site "Polanica Zdroj"]
[Date "2004.09.07"]
[Round "5"]
[White "Wiesiolek, Krzysztof"]
[Black "Kosturkiewicz, Jacek"]
[Result "0-1"]
[WhiteElo "2000"]
[BlackElo "2163"]
[PlyCount "31"]
[EventDate "2004.09.04"]
[EventType "team-swiss"]
[EventRounds "11"]
[EventCountry "POL"]
[SourceTitle "CBM 102 Extra"]
[Source "ChessBase"]
[SourceDate "2004.11.03"]
[SourceVersion "1"]
[SourceVersionDate "2004.11.03"]
[SourceQuality "1"]
[WhiteTeam "Turek Tecza"]
[BlackTeam "Krakow Korona"]
[WhiteTeamCountry "POL"]
[BlackTeamCountry "POL"]

1. e4 c5 2. c3 Nf6 3. e5 Nd5 4. d4 cxd4 5. cxd4 d6 6. Nf3 Nc6 7. Be2 g6 8. exd6 Qxd6 9. 0-0 Bg7 10. Nc3 0-0 11. Re1 Rd8 12. Be3 Nxe3 13. fxe3 e5 14. dxe5 Qc5 15. Nd4 Nxd4 16. exd4 0-1

[Event "POL-chT13 DMP 2 liga corr"]
[Site "Poland"]
[Date "2000.??.??"]
[Round "?"]
[White "Halamus, Hieronim"]
[Black "Wiesiolek, Krzysztof"]
[Result "1-0"]
[WhiteElo "2377"]
[BlackElo "2023"]
[PlyCount "61"]
[EventDate "2000.??.??"]
[EventType "team (corr)"]
[EventRounds "14"]
[EventCountry "POL"]
[SourceTitle "Corr 2004"]
[Source "ChessBase"]
[SourceDate "2003.04.28"]
[SourceVersion "3"]
[SourceVersionDate "2003.04.28"]
[SourceQuality "1"]

1. f4 d5 2. Nf3 g6 3. g3 Bg7 4. Bg2 Nf6 5. 0-0 0-0 6. d3 c5 7. c3 Nc6 8. Ne5 Qc7 9. Nxc6 Qxc6 10. e4 dxe4 11. dxe4 e5 12. fxe5 Ng4 13. Qd6 Nxe5 14. Qxc6 Nxc6 15. Bg5 Re8 16. Na3 Be6 17. Nb5 Bc4 18. Nc7 Bxf1 19. Rxf1 Re5 20. Nxa8 Rxg5 21. Rd1 c4 22. Nc7 Ra5 23. a3 h5 24. Bf1 Ne5 25. Be2 Bf8 26. Kg2 Rc5 27. Nd5 Rc6 28. h3 Bc5 29. Nf4 Bb6 30. Rd5 Rc5 31. a4 1-0

[Event "POL-chT13 DMP 2 liga corr"]
[Site "Poland"]
[Date "1999.??.??"]
[Round "?"]
[White "Rabczewski, Adam"]
[Black "Wiesiolek, Krzysztof"]
[Result "0-1"]
[WhiteElo "1895"]
[BlackElo "2023"]
[PlyCount "28"]
[EventDate "2000.??.??"]
[EventType "team (corr)"]
[EventRounds "14"]
[EventCountry "POL"]
[SourceTitle "Corr 2004"]
[Source "ChessBase"]
[SourceDate "2003.04.28"]
[SourceVersion "3"]
[SourceVersionDate "2003.04.28"]
[SourceQuality "1"]

1. e4 c6 2. d4 d5 3. Nc3 dxe4 4. Nxe4 Bf5 5. Ng3 Bg6 6. h4 h6 7. h5 Bh7 8. Nf3 Nd7 9. Bd3 Bxd3 10. Qxd3 Ngf6 11. Bd2 e6 12. 0-0-0 Be7 13. Qe2 a5 14. Kb1 0-0 0-1